• 首页
  • 本馆介绍
  • 公告通知
  • 最新文献
  • 馆藏检索
  • 电子资源
  • 读者导购
  • 参考咨询
  • 我的图书馆
  • 登录
  • 详细信息显示
  • 放入我的书架
  • 预约/预借图书
  • 作者相关作品
  • 分类相关作品
  • 丛书相关作品
  • 出版社相关作品

书目信息

  • 表格格式
  • 工作单格式
  • 卡片格式
题名:
硬件电路设计与电子工艺基础
    
 
作者: 曹文 , 贾鹏飞 , 杨超 主编
分册:  
出版信息: 北京   电子工业出版社  2019.04
页数: 305页
开本: 26cm
丛书名:
单 册:
中图分类: TP303 , TN702
科图分类:
主题词: 硬件--ying jian--电子电路--电路设计--高等学校--教材 , 硬件--ying jian--电子电路--电子技术--高等学校--教材
电子资源:
ISBN: 978-7-121-35093-1
000 01453nam0 2200325 450
001 0106081843
005 20201109091641.66
010    @a978-7-121-35093-1@dCNY47.50
100    @a20190731d2019 em y0chiy50 ea
101 0  @achi
102    @aCN@b110000
105    @aak az 000yy
106    @ar
200 1  @a硬件电路设计与电子工艺基础@Aying jian dian lu she ji yu dian zi gong yi ji chu@e零基础电子技术课程设计@f曹文, 贾鹏飞, 杨超主编
205    @a2版
210    @a北京@c电子工业出版社@d2019.04
215    @a305页@c图@d26cm
300    @a普通高等教育“十三五”规划教材全国大学生电子设计竞赛系列教材
320    @a有书目
330    @a本书共14章,主要内容包括:电子系统设计概论,电子元器件的分类、功能及选型,模拟电路功能模块设计,数字电路单元设计,电源电路设计基础,电路设计与软件仿真,计算机辅助电路PCB设计,PCB板加工及制作工艺,元器件装配、焊接及拆焊工艺,元器件参数测试、质量检测及等效代换,电路系统调试工艺,模拟电子电路课程设计示例,数字电子电路课程设计示例,电源电路课程设计示例,附录。
517 1  @a零基础电子技术课程设计@Aling ji chu dian zi ji shu ke cheng she ji
606 0  @a硬件@Aying jian@x电子电路@x电路设计@x高等学校@j教材
606 0  @a硬件@Aying jian@x电子电路@x电子技术@x高等学校@j教材
690    @aTP303@v5
690    @aTN702@v5
701  0 @a曹文@Acao wen@4主编
701  0 @a贾鹏飞@Ajia peng fei@4主编
701  0 @a杨超@Ayang chao@4主编
801  0 @aCN@bBJSZM@c20201106
905    @b1193124-7@dTP303@e1103=2@f4
    
    硬件电路设计与电子工艺基础:零基础电子技术课程设计/曹文, 贾鹏飞, 杨超主编.-2版.-北京:电子工业出版社,2019.04
    305页:图;26cm
    普通高等教育“十三五”规划教材全国大学生电子设计竞赛系列教材
    
    ISBN 978-7-121-35093-1:CNY47.50
    本书共14章,主要内容包括:电子系统设计概论,电子元器件的分类、功能及选型,模拟电路功能模块设计,数字电路单元设计,电源电路设计基础,电路设计与软件仿真,计算机辅助电路PCB设计,PCB板加工及制作工艺,元器件装配、焊接及拆焊工艺,元器件参数测试、质量检测及等效代换,电路系统调试工艺,模拟电子电路课程设计示例,数字电子电路课程设计示例,电源电路课程设计示例,附录。
●
相关链接 在E读中查询图书 在五车中查询图书 在当当中查询图书 在豆瓣中查询图书


正题名:硬件电路设计与电子工艺基础     索取号:TP303/1103=2         预约/预借

序号 登录号 条形码 馆藏地/架位号 状态 备注
1 1193124   211931249   第二样本阅览室/ [索取号:TP303/1103=2] 在馆    
2 1193125   211931258   第三借阅区/ [索取号:TP303/1103=2] 在馆    
3 1193126   211931267   第三借阅区/ [索取号:TP303/1103=2] 在馆    
4 1193127   211931276   第三借阅区/ [索取号:TP303/1103=2] 在馆    
唐山师范学院图书馆 欢迎您!
大连网信软件有限公司© 版权所有